000
00302nam a2200121Ia 4500
008
190216s9999||||xx |||||||||||||| ||und||
100
_a
Shriman Narayan
245
0
_a
Gandhi The Man And His Thought
260
_b
Publications Division
_c
1968
300
_a
52p
650
_a
English General
942
_c
BK
999
_c
12154
_d
12154